[Event "Dortmund Sparkassen op-B 44th"]
[Site "Dortmund"]
[Date "2016.07.14"]
[Round "6"]
[White "Bungarten, Jona"]
[Black "Friedel, Roland"]
[Result "1-0"]
[WhiteElo "1522"]
[BlackElo "1583"]
[PlyCount "51"]
[EventDate "2016.07.09"]
[EventType "swiss"]
[EventRounds "9"]
[EventCountry "GER"]
[SourceTitle "CBM 173 Extra"]
[Source "ChessBase"]
[SourceDate "2016.08.29"]
[SourceVersion "1"]
[SourceVersionDate "2016.08.29"]
[SourceQuality "1"]

1. e4 e6 2. d4 d5 3. Nd2 dxe4 4. Nxe4 Bd7 5. Nf3 Bc6 6. Bd3 Nd7 7. 0-0 Ngf6 8. Qe2 Nxe4 9. Bxe4 Bxe4 10. Qxe4 c6 11. Re1 Nf6 12. Qe2 Be7 13. Bf4 0-0 14. Rad1 Re8 15. Ne5 Qa5 16. a3 Rad8 17. c3 Nd5 18. Qg4 Nxf4 19. Qxf4 Bf6 20. Rd3 Qc7 21. Rg3 Bxe5 22. Rxe5 f6 23. Qxf6 Rd6 24. Reg5 Re7 25. Qe5 Rd5 26. Rxg7+ 1-0

[Event "Leipzig VfB op 23rd"]
[Site "Leipzig"]
[Date "2016.03.19"]
[Round "8"]
[White "Friedel, Roland"]
[Black "Krongraf, Henryk"]
[Result "1/2-1/2"]
[WhiteElo "1612"]
[BlackElo "1738"]
[PlyCount "50"]
[EventDate "2016.03.15"]
[EventType "swiss"]
[EventRounds "9"]
[EventCountry "GER"]
[SourceTitle "EXT 2017"]
[Source "ChessBase"]
[SourceDate "2016.10.25"]
[SourceVersion "1"]
[SourceVersionDate "2016.10.25"]
[SourceQuality "1"]

1. d4 d6 2. Nf3 f5 3. e3 Nf6 4. Bd3 g6 5. c3 Bg7 6. 0-0 0-0 7. Ng5 d5 8. Nd2 h6 9. Ngf3 Nbd7 10. Qb3 e6 11. Re1 Ne4 12. Nf1 g5 13. N3d2 Ndf6 14. f3 Nd6 15. e4 fxe4 16. fxe4 Nfxe4 17. Nxe4 Nxe4 18. Bxe4 dxe4 19. Rxe4 Qf6 20. Be3 Qf5 21. Ng3 Qg6 22. Bd2 b6 23. Qc4 Rf7 24. Rae1 Re7 25. Qd3 Bb7 1/2-1/2

[Event "Mecklenburg VP LL2 West 1516"]
[Site "Mecklenburg VP"]
[Date "2016.03.13"]
[Round "7.2"]
[White "Friedel, Roland"]
[Black "Hammel, Ralf"]
[Result "0-1"]
[WhiteElo "1612"]
[BlackElo "2062"]
[PlyCount "68"]
[EventDate "2015.09.20"]
[EventType "team-tourn"]
[EventRounds "9"]
[EventCountry "GER"]
[SourceTitle "EXT 2022"]
[Source "ChessBase"]
[SourceDate "2021.10.06"]
[SourceVersion "1"]
[SourceVersionDate "2021.10.06"]
[SourceQuality "1"]
[WhiteTeam "Rostock SSC 07 IV"]
[BlackTeam "Rostock HSG Uni"]
[WhiteTeamCountry "GER"]
[BlackTeamCountry "GER"]

1. d4 e6 2. Nf3 Nf6 3. Bg5 d5 4. e3 c5 5. c3 Nc6 6. Nbd2 h6 7. Bh4 a5 8. a4 cxd4 9. exd4 Be7 10. Bd3 0-0 11. 0-0 b6 12. Ne5 Nxe5 13. dxe5 Nd7 14. Bxe7 Qxe7 15. f4 Nc5 16. Bb1 Ba6 17. Rf3 Bb7 18. Rh3 f5 19. Nf3 Ne4 20. Nd4 Qc5 21. Bxe4 dxe4 22. Qb3 Bd5 23. Qb5 Bc4 24. Qxc5 bxc5 25. Nb5 Rab8 26. Nd6 Bd3 27. Nb5 Bxb5 28. axb5 Rxb5 29. c4 Rxb2 30. Rha3 Rd8 31. Rxa5 Rdd2 32. h4 Rxg2+ 33. Kf1 Rbf2+ 34. Ke1 e3 0-1

[Event "Plzen op 7th"]
[Site "Plzen"]
[Date "2015.11.22"]
[Round "1"]
[White "Friedel, Roland"]
[Black "Juricek, Stanislav"]
[Result "0-1"]
[WhiteElo "1696"]
[BlackElo "2107"]
[PlyCount "82"]
[EventDate "2015.11.22"]
[EventType "swiss"]
[EventRounds "7"]
[EventCountry "CZE"]
[SourceTitle "CBM 169 Extra"]
[Source "ChessBase"]
[SourceDate "2015.12.18"]
[SourceVersion "1"]
[SourceVersionDate "2015.12.18"]
[SourceQuality "1"]

1. d4 Nf6 2. Nf3 g6 3. Bg5 Bg7 4. Nbd2 0-0 5. e3 d6 6. Bd3 Nbd7 7. 0-0 e5 8. c3 Qe7 9. Ne4 h6 10. Nxf6+ Nxf6 11. dxe5 hxg5 12. exf6 Bxf6 13. Qc2 Kg7 14. Rfe1 Bd7 15. Nd2 Rh8 16. Nf1 Rh6 17. Be4 Rb8 18. f3 b6 19. Rad1 Rbh8 20. Rd2 Qf8 21. f4 Qe7 22. g3 Re8 23. fxg5 Bxg5 24. Bg2 Bh3 25. Rf2 Bxg2 26. Kxg2 Rh5 27. Rfe2 Bh6 28. Qd3 Kg8 29. a3 a5 30. Qd4 Re5 31. Kf3 Qe6 32. Kg2 Re4 33. Qd3 d5 34. Nd2 Re5 35. Nf3 Rh5 36. Nd2 Qh3+ 37. Kh1 Rxe3 38. Qb5 Qxg3 39. Nf1 Qf3+ 40. Kg1 Rg5+ 41. Ng3 Rxg3+ 0-1

[Event "Kiel op 28th"]
[Site "Kiel"]
[Date "2015.07.28"]
[Round "6"]
[White "Rosenkranz, Bernd Christian"]
[Black "Friedel, Roland"]
[Result "1-0"]
[WhiteElo "1708"]
[BlackElo "1691"]
[PlyCount "80"]
[EventDate "2015.07.25"]
[EventType "swiss"]
[EventRounds "9"]
[EventCountry "GER"]
[SourceTitle "CBM 167 Extra"]
[Source "ChessBase"]
[SourceDate "2015.09.14"]
[SourceVersion "1"]
[SourceVersionDate "2015.09.14"]
[SourceQuality "1"]

1. c4 Nf6 2. g3 e6 3. Bg2 c6 4. Nf3 d5 5. 0-0 Be7 6. Qc2 Nbd7 7. d4 dxc4 8. a4 a5 9. Qxc4 0-0 10. Bd2 Bd6 11. Qc2 e5 12. e4 exd4 13. Nxd4 Bc5 14. Be3 Bb4 15. Rd1 Qe8 16. Na3 Bxa3 17. Rxa3 Ne5 18. Ne2 Ned7 19. Rad3 Nxe4 20. Rd4 Nef6 21. Rh4 Qe5 22. Bf4 Qc5 23. Nc3 g5 24. Bd6 Qb6 25. Rh6 Re8 26. Qf5 Re6 27. Ne4 Qxb2 28. Nxg5 Qb3 29. Rf1 Rxd6 30. Nxh7 Nf8 31. Nxf6+ Kg7 32. Qg5+ Ng6 33. Ne8+ Kg8 34. Nxd6 Be6 35. h4 Kf8 36. h5 Qd3 37. hxg6 Qd4 38. Nxf7 Bxf7 39. gxf7 Qg7 40. Qc5+ Kxf7 1-0

[Event "Dortmund Sparkassen op-B"]
[Site "Dortmund"]
[Date "2015.06.28"]
[Round "2"]
[White "Wuebker, Paul Luca"]
[Black "Friedel, Roland"]
[Result "1-0"]
[WhiteElo "1710"]
[BlackElo "1582"]
[PlyCount "61"]
[EventDate "2015.06.27"]
[EventType "swiss"]
[EventRounds "9"]
[EventCountry "GER"]
[SourceTitle "CBM 167 Extra"]
[Source "ChessBase"]
[SourceDate "2015.09.14"]
[SourceVersion "1"]
[SourceVersionDate "2015.09.14"]
[SourceQuality "1"]

1. d4 d5 2. c4 dxc4 3. Nc3 e5 4. Nf3 exd4 5. Qxd4 Qxd4 6. Nxd4 a6 7. a4 Nf6 8. Bf4 c5 9. Nf3 Be7 10. e3 Be6 11. Ng5 Bf5 12. Bxc4 0-0 13. 0-0 h6 14. Nf3 Nc6 15. Ne5 Rac8 16. Nd5 Nxd5 17. Bxd5 Be6 18. Nxc6 bxc6 19. Bxe6 fxe6 20. Rac1 Rf5 21. Bg3 Rd5 22. Rc2 Bd8 23. f3 Bb6 24. Bf2 Rcd8 25. g3 Rd2 26. Rfc1 c4 27. Kf1 Ba5 28. Rxd2 Rxd2 29. Be1 Rxh2 30. Kg1 Bd2 31. Rc2 1-0

[Event "GER Seniors Derby 14th"]
[Site "Wesel Undeloh"]
[Date "2015.04.17"]
[Round "6"]
[White "Schneider, Eckehard"]
[Black "Friedel, Roland"]
[Result "1/2-1/2"]
[WhiteElo "1665"]
[BlackElo "1570"]
[PlyCount "94"]
[EventDate "2015.04.15"]
[EventType "swiss"]
[EventRounds "9"]
[EventCountry "GER"]
[SourceTitle "EXT 2018"]
[Source "ChessBase"]
[SourceDate "2017.10.13"]
[SourceVersion "1"]
[SourceVersionDate "2017.10.13"]
[SourceQuality "1"]

1. e4 e6 2. d4 d5 3. e5 c5 4. c3 Qb6 5. Nf3 Nc6 6. a3 c4 7. Nbd2 Na5 8. g3 Be7 9. h4 f6 10. exf6 Bxf6 11. Bh3 Ne7 12. 0-0 Nec6 13. Re1 Nd8 14. Ne5 0-0 15. Rb1 Bxe5 16. Rxe5 Nac6 17. Re3 Re8 18. Bg2 Rf8 19. b3 cxb3 20. Nxb3 Qc7 21. Nc5 b6 22. Nd3 Na5 23. Ne5 Nf7 24. Qe2 Nxe5 25. Rxe5 Nc4 26. Rxd5 Bd7 27. Rxd7 Qxd7 28. Bxa8 Rxa8 29. a4 Rc8 30. Qe4 Nd6 31. Qe3 Nc4 32. Qe2 Qc6 33. Bf4 Rf8 34. Rb4 Rc8 35. f3 Kf7 36. Kf2 h6 37. Qd3 a5 38. Rb5 Na3 39. Rb3 Nc4 40. h5 Qxa4 41. Qg6+ Kf8 42. Rb1 Qe8 43. Qh7 Qf7 44. Kg2 Rc6 45. Rb5 Na3 46. Re5 Nc4 47. Rb5 Na3 1/2-1/2

[Event "GER Seniors Derby 14th"]
[Site "Wesel Undeloh"]
[Date "2015.04.16"]
[Round "2"]
[White "Wilske, Guido"]
[Black "Friedel, Roland"]
[Result "0-1"]
[WhiteElo "1196"]
[BlackElo "1570"]
[PlyCount "118"]
[EventDate "2015.04.15"]
[EventType "swiss"]
[EventRounds "9"]
[EventCountry "GER"]
[SourceTitle "EXT 2018"]
[Source "ChessBase"]
[SourceDate "2017.10.13"]
[SourceVersion "1"]
[SourceVersionDate "2017.10.13"]
[SourceQuality "1"]

1. e4 e6 2. d4 d5 3. e5 c5 4. c3 Qb6 5. Qc2 Nc6 6. dxc5 Bxc5 7. Nf3 Bd7 8. b4 Be7 9. Bd3 h6 10. 0-0 Qc7 11. Qe2 Rc8 12. Bb5 a6 13. Bxc6 Bxc6 14. Nd4 Bd7 15. f4 Bd8 16. a4 Ne7 17. Be3 0-0 18. b5 a5 19. Bd2 b6 20. Na3 Nf5 21. Nac2 Be7 22. Nxf5 exf5 23. Nd4 g6 24. Rf3 Qc4 25. Kh1 Qxe2 26. Nxe2 Rc4 27. Rd3 Be6 28. Nd4 Rc7 29. Nc6 Bc5 30. Rd1 Rfc8 31. Be3 Bxe3 32. Rxe3 Kf8 33. Red3 Bd7 34. Rxd5 Bxc6 35. Rd8+ Rxd8 36. Rxd8+ Ke7 37. Rd3 Rd7 38. Rxd7+ Bxd7 39. Kg1 Be6 40. Kf2 Bb3 41. Ke3 Ke6 42. Kd3 Bxa4 43. c4 Kd7 44. Kc3 Ke6 45. Kd4 Bxb5 46. cxb5 f6 47. exf6 Kxf6 48. Kd3 Ke6 49. Kd4 Kd6 50. g3 a4 51. Kc4 a3 52. Kb3 Kc5 53. Kxa3 Kxb5 54. Kb3 Kc5 55. Kc3 Kd5 56. Kb4 Ke4 57. Kb5 Kf3 58. Kxb6 Kg2 59. Kc5 Kxh2 0-1

[Event "Dortmund Sparkassen op-B"]
[Site "Dortmund"]
[Date "2014.07.19"]
[Round "8"]
[White "Tuscher, Albin"]
[Black "Friedel, Roland"]
[Result "1-0"]
[WhiteElo "1595"]
[BlackElo "1751"]
[PlyCount "53"]
[EventDate "2014.07.12"]
[EventType "swiss"]
[EventRounds "9"]
[EventCountry "GER"]
[SourceTitle "EXT 2022"]
[Source "ChessBase"]
[SourceDate "2021.10.06"]
[SourceVersion "1"]
[SourceVersionDate "2021.10.06"]
[SourceQuality "1"]

1. e4 e6 2. d4 d5 3. exd5 exd5 4. Bd3 Nf6 5. Ne2 Bg4 6. 0-0 Bd6 7. h3 Bh5 8. c3 0-0 9. Qc2 Bg6 10. Bg5 Nbd7 11. Nd2 Bxd3 12. Qxd3 c6 13. Ng3 h6 14. Nf5 hxg5 15. Nxd6 Qc7 16. Nf5 Rfe8 17. Rfe1 Nf8 18. Qg3 Qxg3 19. fxg3 Ne6 20. Kf2 Rad8 21. Nf3 g6 22. Ne3 Ne4+ 23. Kg1 Nxg3 24. Ng4 Kg7 25. Re3 f6 26. Rae1 Nc7 27. Re7+ 1-0

[Event "Dortmund Sparkassen op-B"]
[Site "Dortmund"]
[Date "2013.08.04"]
[Round "9"]
[White "Schmitz, Julian"]
[Black "Friedel, Roland"]
[Result "1/2-1/2"]
[WhiteElo "1706"]
[BlackElo "1754"]
[PlyCount "106"]
[EventDate "2013.07.27"]
[EventType "swiss"]
[EventRounds "9"]
[EventCountry "GER"]
[SourceTitle "EXT 2022"]
[Source "ChessBase"]
[SourceDate "2021.10.06"]
[SourceVersion "1"]
[SourceVersionDate "2021.10.06"]
[SourceQuality "1"]

1. e4 e6 2. d4 d5 3. exd5 exd5 4. Bf4 Nf6 5. Nf3 Bg4 6. Be2 Be7 7. 0-0 0-0 8. Re1 Nbd7 9. Nc3 c6 10. Qd3 Bb4 11. Ng5 Bxe2 12. Rxe2 h6 13. Nf3 Bxc3 14. Qxc3 Ne4 15. Qb3 Qb6 16. Ne5 Qxb3 17. axb3 Nxe5 18. Bxe5 Ng5 19. Bd6 Rfd8 20. Be7 Re8 21. c3 Ne6 22. Bb4 Nf4 23. Rxe8+ Rxe8 24. g3 Nd3 25. Rxa7 Nxb4 26. cxb4 Re2 27. Rxb7 Rxb2 28. b5 cxb5 29. Rxb5 Rd2 30. Rxd5 Kf8 31. Kg2 Ke7 32. Kf3 Rd3+ 33. Ke4 Rxb3 34. h4 g6 35. Ra5 Rb6 36. Ra7+ Ke6 37. Rc7 Kf6 38. Kd5 Rb2 39. Kd6 Rxf2 40. d5 Rd2 41. Rc4 h5 42. Rf4+ Kg7 43. Kc6 Rc2+ 44. Kb5 Rb2+ 45. Kc5 Rc2+ 46. Rc4 Rxc4+ 47. Kxc4 Kf8 48. d6 Ke8 49. Kd5 f6 50. Ke6 g5 51. Kxf6 gxh4 52. gxh4 Kd7 53. Ke5 Kd8 1/2-1/2

[Event "Dortmund Sparkassen op-B"]
[Site "Dortmund"]
[Date "2013.08.01"]
[Round "6"]
[White "Strack, Patrick"]
[Black "Friedel, Roland"]
[Result "0-1"]
[WhiteElo "1458"]
[BlackElo "1754"]
[PlyCount "106"]
[EventDate "2013.07.27"]
[EventType "swiss"]
[EventRounds "9"]
[EventCountry "GER"]
[SourceTitle "EXT 2022"]
[Source "ChessBase"]
[SourceDate "2021.10.06"]
[SourceVersion "1"]
[SourceVersionDate "2021.10.06"]
[SourceQuality "1"]

1. d4 d5 2. c4 dxc4 3. e3 Nf6 4. Bxc4 e6 5. Nf3 a6 6. a4 c5 7. 0-0 b6 8. Qe2 Bb7 9. Rd1 Qc7 10. h3 Nbd7 11. Nc3 cxd4 12. exd4 Bd6 13. Be3 0-0 14. Rac1 Bf4 15. d5 Bxe3 16. fxe3 exd5 17. Nxd5 Qb8 18. Nc7 Ra7 19. Bxa6 Bxf3 20. Qxf3 Rxc7 21. Bc4 Qc8 22. Qf4 Nc5 23. Bb5 Ne6 24. Rxc7 Qxc7 25. Qxc7 Nxc7 26. Rd6 Nxb5 27. axb5 Rb8 28. Kf1 Kf8 29. Ke2 Ke7 30. Rc6 Nd7 31. e4 Kd8 32. Ke3 Rc8 33. Kd4 Rxc6 34. bxc6 Nb8 35. Kd5 Kc7 36. b4 Nxc6 37. b5 Na7 38. Kc4 Kd6 39. g3 Ke5 40. g4 g5 41. Kd3 Nxb5 42. Ke3 Nd6 43. Kf3 b5 44. Ke3 Nxe4 45. Ke2 b4 46. Kf3 b3 47. h4 gxh4 48. g5 b2 49. g6 hxg6 50. Kg4 b1Q 51. Kh3 Qd3+ 52. Kh2 Qg3+ 53. Kh1 Nf2# 0-1

[Event "Dortmund Sparkassen op-B"]
[Site "Dortmund"]
[Date "2013.07.28"]
[Round "2"]
[White "Friedel, Roland"]
[Black "Simanowski, Alf"]
[Result "1-0"]
[WhiteElo "1754"]
[BlackElo "1326"]
[PlyCount "49"]
[EventDate "2013.07.27"]
[EventType "swiss"]
[EventRounds "9"]
[EventCountry "GER"]
[SourceTitle "EXT 2022"]
[Source "ChessBase"]
[SourceDate "2021.10.06"]
[SourceVersion "1"]
[SourceVersionDate "2021.10.06"]
[SourceQuality "1"]

1. d4 d5 2. Nf3 e6 3. Nbd2 Nf6 4. e3 Bd6 5. Bd3 Nbd7 6. e4 dxe4 7. Nxe4 Qe7 8. Nxd6+ Qxd6 9. 0-0 0-0 10. c3 b6 11. Re1 Bb7 12. h3 Rfe8 13. Ne5 Qd5 14. f3 Nxe5 15. Rxe5 Qc6 16. Bb5 Qd6 17. Bxe8 Rxe8 18. Bg5 Nd7 19. Re1 Qd5 20. Bf4 c5 21. dxc5 Nxc5 22. Qxd5 Bxd5 23. Red1 Bb7 24. Rd2 e5 25. Bxe5 1-0

[Event "Rostock SSC 07 op 10th"]
[Site "Rostock"]
[Date "2011.08.06"]
[Round "6"]
[White "Gawle, Ireneusz"]
[Black "Friedel, Roland"]
[Result "1/2-1/2"]
[WhiteElo "1925"]
[BlackElo "1762"]
[PlyCount "22"]
[EventDate "2011.08.03"]
[EventType "swiss"]
[EventRounds "7"]
[EventCountry "GER"]
[SourceTitle "EXT 2017"]
[Source "ChessBase"]
[SourceDate "2016.10.25"]
[SourceVersion "1"]
[SourceVersionDate "2016.10.25"]
[SourceQuality "1"]

1. e4 e6 2. d4 d5 3. e5 c5 4. c3 Qb6 5. Nf3 Nc6 6. Be2 Nh6 7. dxc5 Bxc5 8. 0-0 Ng4 9. Qa4 Nxf2 10. b4 Nh3+ 11. Kh1 Nf2+ 1/2-1/2